छत और आकाश / (Record no. 116919)

MARC details
000 -LEADER
fixed length control field 01155nam a22002537a 4500
005 - DATE AND TIME OF LATEST TRANSACTION
control field 20170124103046.0
010 ## - LIBRARY OF CONGRESS CONTROL NUMBER
LC control number A-772504
020 ## - INTERNATIONAL STANDARD BOOK NUMBER
Terms of availability 100.00
International Standard Book Number 8186121064
035 ## - SYSTEM CONTROL NUMBER
System control number A-772504
037 ## - SOURCE OF ACQUISITION
Source of stock number/acquisition Cen Lib/Ret
040 ## - CATALOGING SOURCE
Original cataloging agency DPL
Language of cataloging HN
082 ## - DEWEY DECIMAL CLASSIFICATION NUMBER
Classification number
Item number बत्रासु
100 ## - MAIN ENTRY--PERSONAL NAME
Personal name बत्रा, सुदेश
9 (RLIN) 68977
245 ## - TITLE STATEMENT
Title छत और आकाश /
Statement of responsibility, etc सुदेश बत्रा
Remainder of title कहानी-संग्रह /
246 ## - VARYING FORM OF TITLE
Title proper/short title Chhat aur aakash : kahani-sangreh /
Remainder of title by Sudesh Batra
260 ## - PUBLICATION, DISTRIBUTION, ETC. (IMPRINT)
Place of publication, distribution, etc जयपुर
Name of publisher, distributor, etc एम्. बी. पब्लिशर्स
Date of publication, distribution, etc 1996
270 ## - ADDRESS
Address 57, नाटाणी भवन, मिश्र राजा जी का रास्ता, चंपोल बाज़ार
City जयपुर
Postal code 302001
300 ## - PHYSICAL DESCRIPTION
Extent 117पृ.
Dimensions 21सेमी(सजिल्द )
650 ## - SUBJECT ADDED ENTRY--TOPICAL TERM
Topical term or geographic name as entry element हिंदी साहित्य
General subdivision
Geographic subdivision
9 (RLIN) 68978
650 ## - SUBJECT ADDED ENTRY--TOPICAL TERM
Topical term or geographic name as entry element हिंदी साहित्य--लघु कथाएँ
9 (RLIN) 68979
650 ## - SUBJECT ADDED ENTRY--TOPICAL TERM
Topical term or geographic name as entry element Hindi literature
Form subdivision
9 (RLIN) 68980
650 ## - SUBJECT ADDED ENTRY--TOPICAL TERM
Topical term or geographic name as entry element Hindi literature--Short Stories
9 (RLIN) 68981
942 ## - ADDED ENTRY ELEMENTS (KOHA)
Source of classification or shelving scheme Dewey Decimal Classification
Koha item type Hindi Books
Classification part
Call number suffix बत्रासु
Holdings
Withdrawn status Lost status Damaged status Not for loan Home library Current library Date acquired Source of acquisition Cost, normal purchase price Total Checkouts Full call number Barcode Date last seen Copy number Cost, replacement price Price effective from Koha item type Public note Source of classification or shelving scheme Collection code Shelving location
Written off       Central Library Central Library 25/08/2015 Cen Lib/Ret 100.00   क बत्रासु A-772504 25/08/2015 1 100.00 25/08/2015 Hindi Books Written off on approval by DLB (By Circulation); dtd 15-06-2023      
        Patel Nagar Patel Nagar 14/01/2019 BPPD/PUB 100.00   क बत्रासु B-194965 14/01/2019   100.00 14/01/2019 Hindi Books   Dewey Decimal Classification Fiction General Stacks

© Delhi Public Library
Hit Counter
free hit counter